000 01521nam0a22003011 4500
001 rc\65485
005 20250620165425.0
010 _a5-295-00735-9
_944000
035 _a(NLR Aleph) 005339877
090 _a6682010
_c6682010
100 _a20021216d1992 |||y0rusy50 ca
101 0 _arus
102 _aRU
105 _aa |||||||||
200 1 _aДогони даль голубую
_e[Повести
_eДля ст. и сред. шк. возраста
_eПер. с башк.]
_fДенис Буляков
_g[Худож. Х. Насыров]
210 _aУфа
_cБашкирское кн. изд-во
_d1992
215 _a187, [2] с.
_cил.
_d20
300 _aПеред вып. дан. авт.: Буляков Динис Мударисович
327 1 _aСодерж.: Горячий снег, или Рассказы для моей дочери; Танец над пропастью; Клен обновляет листья...
464 0 _12001#$aГорячий снег, или Рассказы для моей дочери
_tГорячий снег, или Рассказы для моей дочери
464 0 _12001#$aТанец над пропастью
_tТанец над пропастью
464 0 _12001#$aКлен обновляет листья...
_tКлен обновляет листья...
700 1 _aБуляков
_bД.М.
_f1944-
_gДенис Мударисович
801 0 _aRU
_bNLR
_gpsbo
801 1 _aRU
_bELAR
_2rusmarc
852 _aNLR
_j92-3/3308
942 _cBOOK
980 _aNB